000 00356 a2200157 4500
001 170242
020 _a
040 _cMagnum
100 _aGaarder, Jostein
240 1 0 _aO castelo do principe sapo
_lpor
245 1 0 _aO castelo do principe sapo
362 0 _a1899
440 1 _aCompanhia das Letrinhas
697 _aIJ/FADAS, FANTASIA
942 _cBK
999 _c170242
_d170242